| 000 | 03397cam a22011894i 4500 | ||
|---|---|---|---|
| 003 | PE-LiUPU | ||
| 005 | 20250813185530.0 | ||
| 008 | 150625s2005 sp r 000 0 spa d | ||
| 020 | _a8433020110 | ||
| 035 | _a(Sirsi) i9788433020116 | ||
| 040 |
_aPE-LiUPU _bspa _cPE-LiUPU _erda |
||
| 049 | _aPRUA | ||
| 082 | 0 | 4 |
_a376.2 _bT73 _221 |
| 100 | 1 |
_aToro, José María, _eautor. |
|
| 245 | 1 | 0 |
_aEducar con co-razón / _cJosé María Toro. |
| 250 | _a2a. edición. | ||
| 264 | 1 |
_aBilbao : _bDesclèe de Brouwer, _c2005. |
|
| 300 |
_a291 páginas ; _c21 centímetros |
||
| 336 |
_atext _2rdacontent |
||
| 337 |
_aunmediated _2rdamedia |
||
| 338 |
_avolume _2rdacarrier |
||
| 505 | 0 | _aEl acontecimiento. El encuentro -- La presencia -- El cuerpo. La "in-corporación" como dinámica -- La educación emocional -- Lenificación, silencio y paciencia -- El trabajo y el juego. La celebración y el descanso -- El conflicto como espacio y momento para el aprendizaje -- El conflicto: problema, posibilidad y reto -- Dinámicas y pautas seguidas en la gestión de los conflictos --La autoridad -- Ordenes y mandatos. La "obediencia" y la "desobediencia" adecuada y responsable -- La importancia de los límites. Apuntes para destronar a los "pequeños tiranos" -- La culpa y el arrepentimiento -- Un enfoque "afirmativo" -- El conflicto sociocognitivo. | |
| 526 | _aP202 | ||
| 526 | _aP201 | ||
| 526 | _aP163 | ||
| 526 | _aP162 | ||
| 526 | _aP161 | ||
| 526 | _aP160 | ||
| 526 | _aP148 | ||
| 526 | _aP147 | ||
| 526 | _aP146 | ||
| 526 | _aP145 | ||
| 526 | _aP144 | ||
| 526 | _aP143 | ||
| 526 | _aP142 | ||
| 526 | _aP141 | ||
| 526 | _aP140 | ||
| 526 | _aP139 | ||
| 526 | _aP138 | ||
| 526 | _aP137 | ||
| 526 | _aP136 | ||
| 526 | _aP135 | ||
| 526 | _aP134 | ||
| 526 | _aP133 | ||
| 526 | _aP129 | ||
| 526 | _aP128 | ||
| 526 | _aP127 | ||
| 526 | _aP120 | ||
| 526 | _aP119 | ||
| 526 | _aP118 | ||
| 526 | _aP116 | ||
| 526 | _aP115 | ||
| 526 | _aP114 | ||
| 526 | _aP110 | ||
| 526 | _aP109 | ||
| 526 | _aP108 | ||
| 526 | _aP104 | ||
| 526 | _aP103 | ||
| 526 | _aP102 | ||
| 526 | _aP99 | ||
| 526 | _aP98 | ||
| 526 | _aP97 | ||
| 526 | _aP96 | ||
| 526 | _aP95 | ||
| 526 | _aP93 | ||
| 526 | _aP90 | ||
| 526 | _aP89 | ||
| 526 | _aP88 | ||
| 526 | _aP83 | ||
| 526 | _aP82 | ||
| 526 | _aP62 | ||
| 526 | _aP59 | ||
| 526 | _aP58 | ||
| 526 | _aP57 | ||
| 526 | _aP51 | ||
| 526 | _aP49 | ||
| 526 | _aP48 | ||
| 526 | _aP47 | ||
| 526 | _aP29 | ||
| 526 | _aP24 | ||
| 526 | _aP20 | ||
| 526 | _aP19 | ||
| 526 | _aP17 | ||
| 526 | _aP15 | ||
| 526 | _aP14 | ||
| 526 | _aP12 | ||
| 526 | _aP10 | ||
| 526 | _aP09 | ||
| 526 | _aP08 | ||
| 526 | _aP07 | ||
| 526 | _aP06 | ||
| 526 | _aP05 | ||
| 526 | _aP04 | ||
| 526 | _aP01 | ||
| 541 | _g006-0034650; | ||
| 650 | 0 | 4 |
_aEducación de niños. _91818 |
| 942 |
_2ddc _cBOOK |
||
| 949 |
_a376.2 T73 _wDEWEY _c1 _i57818 _lCCODEBUL1 _mBUL _p22.00 _r0 _sY _tBOOK _u2015-6-25 _xTEOLOGIA _zUNKNOWN _0COMPRA _o.STAFF. Colección General |
||
| 994 |
_aC0 _bPEPRU |
||
| 596 | _a1 | ||
| 999 |
_a376.2 T73 _wDEWEY _c46816 _i57818 _e2017-5-18 _f2021-11-8 _g5 _lCCODEBUL1 _mBUL _n2 _p22.00 _r0 _sY _tBOOK _u2015-6-25 _xEDUCACION _PP35 _0COMPRA _o.STAFF. Colección Teología _d46816 |
||
| 980 |
_81 _gALBERTO SANCHEZ Responsable de Automatización |
||